Ciencia de la mitología (Record no. 76769)

MARC details
000 -LEADER
campo de control de longitud fija 00913nam a2200229 i 4500
001 - NÚMERO DE CONTROL
campo de control 76769
003 - IDENTIFICADOR DE NÚMERO DE CONTROL
campo de control ES-MaACL
005 - FECHA Y HORA DE LA ÚLTIMA TRANSACCIÓN
campo de control 20251005063054.0
007 - CAMPO FIJO DE DESCRIPCIÓN FÍSICA--INFORMACIÓN GENERAL
campo de control de longitud fija t|
008 - DATOS DE LONGITUD FIJA--INFORMACIÓN GENERAL
campo de control de longitud fija 041005s1903 sp |||| | spa d
100 1# - ENTRADA PRINCIPAL--NOMBRE DE PERSONA
Nombre de persona Guichot y Sierra, Alejandro,
Fechas asociadas al nombre 1859-1941
9 (RLIN) 60652
245 10 - MENCIÓN DEL TÍTULO
Título Ciencia de la mitología
Resto del título : el gran mito ctónico-solar /
Mención de responsabilidad, etc. por Alejandro Guichot y Sierra ; prólogo de Manuel Sales y Ferré.
260 ## - PUBLICACIÓN, DISTRIBUCIÓN, ETC.
Lugar de publicación, distribución, etc. Madrid :
Nombre del editor, distribuidor, etc. Librería Gral. de Victoriano Suárez,
Fecha de publicación, distribución, etc. 1903 (
Fabricante Viuda e Hijos de M. Tello)
300 ## - DESCRIPCIÓN FÍSICA
Extensión 506 p. ;
Dimensiones 20 cm.
530 ## - NOTA DISPONIBLE DE FORMULARIO FÍSICO ADICIONAL
Nota de formato físico adicional disponible Disponible en formato digital.
650 04 - PUNTO DE ACCESO ADICIONAL DE MATERIA--TÉRMINO DE MATERIA
Término de materia o nombre geográfico como elemento de entrada Mitología-
Subdivisión de forma Historia.
9 (RLIN) 15097
700 1# - ENTRADA AGREGADA--NOMBRE PERSONAL
Nombre de persona Sales Ferré, Manuel.
9 (RLIN) 101880
852 ## - LOCALIZACIÓN
Ubicación ES-MaACL
Número de control de estantería F-2811
Ubicación en estantería Depósito 2
Nota libre Revisado enlace: 23 de julio de 2025
856 4# - LOCALIZACIÓN Y ACCESO ELECTRÓNICOS
Identificador Uniforme de Recursos <a href="https://archive.org/details/cienciadelamito00siergoog/page/n9 ">https://archive.org/details/cienciadelamito00siergoog/page/n9 </a>
Texto de enlace (Internet Archive)
942 ## - ELEMENTOS DE ENTRADA SECUNDARIOS (KOHA)
Fuente del sistema de clasificación o colocación Clasificación decimal universal
Holdings
Estatus retirado Estado de pérdida Estado de daño No para préstamo Colección Biblioteca de origen Biblioteca actual Ubicación en estantería Fecha de adquisición Fuente de adquisición Total de préstamos Signatura topográfica completa Código de barras Visto por última vez Precio de reemplazo Tipo de ítem Koha
        Colección digital Biblioteca del Ateneo de Madrid Biblioteca del Ateneo de Madrid Depósito 2 17/01/2008     F-2811 1080328 23/02/2023 23/02/2023 Libro impreso